Mergers, acquisitions and corporate restructurings

Salvato in:
Dettagli Bibliografici
Autore principale: Gaughan, Patrick A.
Natura: Libro
Lingua:inglese
Pubblicazione: Hoboken WILEY 2015
Edizione:6th ed.
Soggetti:
Tags: Aggiungi Tag
Nessun Tag, puoi essere il primo ad aggiungerne!!

MARC

LEADER 00000nam a2200000 4500
001 0220149
005 20240306140357.4
020 |a 978-1-118-99754-3 
041 0 |a eng 
044 |a US 
245 1 0 |a Mergers, acquisitions and corporate restructurings  |c Patrick A. Gaughan 
250 |a 6th ed. 
264 1 |a Hoboken  |b WILEY  |c 2015 
300 |a xii, 670 s. 
610 2 0 |a podnik 
610 2 0 |a reštrukturalizácia 
610 2 0 |a fúzie 
610 2 0 |a akvizícia 
610 2 0 |a akcionári 
610 2 0 |a fondy finančné 
610 2 0 |a investori 
610 2 0 |a bankrot 
610 2 0 |a financovanie 
610 2 0 |a joint ventures 
610 2 0 |a oceňovanie 
610 2 0 |a analýza finančná 
610 2 0 |a zdaňovanie 
100 1 |a Gaughan, Patrick A.